Beginning Radio TV News writing (Record no. 3884)

MARC details
000 -LEADER
fixed length control field 00369nam a22001577a 4500
005 - DATE AND TIME OF LATEST TRANSACTION
control field 20160625092230.0
008 - FIXED-LENGTH DATA ELEMENTS--GENERAL INFORMATION
fixed length control field 160625b xxu||||| |||| 00| 0 eng d
041 ## - LANGUAGE CODE
Language code of text/sound track or separate title eng
082 ## - DEWEY DECIMAL CLASSIFICATION NUMBER
Item number 9885
100 ## - MAIN ENTRY--AUTHOR NAME
Personal name Wultemeyer, K. Tin
245 ## - TITLE STATEMENT
Title Beginning Radio TV News writing
260 ## - PUBLICATION, DISTRIBUTION, ETC. (IMPRINT)
Name of publisher Surjeet
300 ## - PHYSICAL DESCRIPTION
Number of Pages 104
650 ## - SUBJECT ADDED ENTRY--TOPICAL TERM
Topical Term Mass Communication
942 ## - ADDED ENTRY ELEMENTS (KOHA)
Koha item type Books
Holdings
Lost status Damaged status Home library Current library Shelving location Date acquired Cost, normal purchase price Full call number Accession Number Koha item type
    JRU Library   SHELF-31-H 25/06/2016 250.00 9885 9885 Books
    JRU Library   SHELF-31-H 25/06/2016 250.00 9885 9886 Books
    JRU Library   SHELF-32-J 25/06/2016 250.00 9885 9887 Books
    JRU Library   SHELF-31-H 25/06/2016 250.00 9885 9888 Books